Polscy kierowcy w F1 - Statystyki

Ogólne statystyki
  • Ten quiz został rozwiązany 2 200 razy
  • Średni wynik to 2 z 6
Statystyki odpowiedzi
Sezon Seria Kierowca % Poprawnych
2006-2010, 2019 F1 Robert Kubica
100%
2025 FIA F3 Roman Bilinski
38%
2024 FIA F3 Kacper Sztuka
35%
2023-2024 FIA F3 Piotr Wiśnicki
14%
2015-2016 GP3 Artur Janosz
6%
2015 GP3 Aleksander Bosak
5%
Nie znaleziono quizów pasujących do podanych kryteriów
Rozkład punktacji
Procent ludzi z każdym wynikiem
Percentyl według liczby udzielonych odpowiedzi
Twoja historia wyników
Nie rozwiązałeś tego quizu